Abbraccio di ferro

-д хадгалсан:
Номзүйн дэлгэрэнгүй
Формат: Ном
Хэл сонгох:англи
Цуврал:Parody 3
Шошгууд: Шошго нэмэх
Шошго байхгүй, Энэхүү баримтыг шошголох эхний хүн болох!

MARC

LEADER 00000nam a2200000 4500
001 CDOM0000002282
003 mi
005 20251009194151.0
008 251009b |||||||| |||| 00| 0 eng d
040 |c mi 
245 1 |a Abbraccio di ferro 
490 |a Parody  |v 3 
942 |2 ddc  |c BK18 
952 |0 0  |1 0  |2 ddc  |4 0  |7 0  |9 5895  |a MI  |b MI  |d 1987-08-03  |i 474  |l 0  |p CDOM474  |r 2025-07-13 16:28:00  |w 2025-07-13  |x ACQUISTO  |y BK18 
952 |0 0  |1 0  |2 ddc  |4 0  |7 0  |9 5896  |a MI  |b MI  |d 1987-08-03  |i 475  |l 0  |p CDOM475  |r 2025-07-13 16:28:00  |w 2025-07-13  |x ACQUISTO  |y BK18 
999 |c 4708  |d 4708